000 01647nam2a22002531 4500
001 rc\3559957
005 20250610041851.0
021 _aRU
_bРг473-77
021 _aRU
_b76-86551
035 _a(NLR Aleph) 007685065
090 _a6580132
_c6580132
100 _a20130115d1976 |||y0rusy50 ca
101 0 _arus
102 _aRU
105 _ay z |||||
200 1 _aПодготовительно-раскройное производство
_h1.1
_iМужская верхняя одежда
210 _d1976
_aБ. м.
215 _a53 с.
461 0 _1001rc\3559956
_12001#$aНормы технологического проектирования и технико-экономические показатели предприятий швейной промышленности$eРазд. 1-$fМ-во лег. пром-сти СССР. Гос. ин-т по проектированию предприятий трикотажной, швейной и фарфорофаянсовой пром-сти ГПИ-3$vРазд. 1
_96580126
_cЛенинград
_d1976-
_fМ-во лег. пром-сти СССР. Гос. ин-т по проектированию предприятий трикотажной, швейной и фарфорофаянсовой пром-сти ГПИ-3
_nБ. и.
_oРазд. 1-
_tНормы технологического проектирования и технико-экономические показатели предприятий швейной промышленности
_vРазд. 1
801 0 _aRU
_bNLR
_gpsbo
801 1 _aRU
_bELAR
_2rusmarc
852 _aNLR
_j76-4/31646
942 _cBOOK
980 _aNB